| 000 | 00532nam a22001697a 4500 | ||
|---|---|---|---|
| 003 | OSt | ||
| 005 | 20140310181851.0 | ||
| 008 | 130709t xxu||||| |||| 00| 0 eng d | ||
| 050 |
_aG 175 _b.Ad 211 2010 |
||
| 082 |
_aREF 978 _bA217 2010 |
||
| 245 |
_aEncyclopedia of great explorer : _bdiscover the world in the footsteps of famous explorers / _cSimon Adams. |
||
| 260 |
_aUnited Kingdom : _bParragon Books, _c2010. |
||
| 300 |
_a224 p. : _bcol. ill. ; _c29 cm. |
||
| 541 | _j1 | ||
| 562 | _e1 | ||
| 942 |
_2lcc _cBK-GR _kREF |
||
| 999 |
_c5447 _d5447 |
||